|
|
|
|
| LEADER |
00998nam a2200361 4500 |
| 001 |
DLU040027287 |
| 005 |
##20040422 |
| 040 |
# |
# |
|a DLU
|b vie
|
| 041 |
# |
# |
|a vie
|
| 044 |
# |
# |
|a vn
|
| 082 |
# |
# |
|a 536.7
|b Nhi
|
| 245 |
# |
# |
|a Nhiệt động học /
|c Jean-Marie Bre'bec, ... [và những người khác] hướng dẫn; Ngô Phú An, ... [và những người khác] dịch
|
| 250 |
# |
# |
|a Tái bản lần thứ hai
|
| 260 |
# |
# |
|a H. :
|b Giáo dục,
|c 2001
|
| 300 |
# |
# |
|a 319 tr. ;
|c 27 cm
|
| 653 |
# |
# |
|a Giáo trình
|
| 653 |
# |
# |
|a Nhiệt động học
|
| 653 |
# |
# |
|a Vật lý học
|
| 700 |
# |
# |
|a Ngô Phú An
|e dịch
|
| 700 |
# |
# |
|a Nguyễn Hữu Hồ
|e dịch
|
| 700 |
# |
# |
|a Nguyễn Xuân Chánh
|e dịch
|
| 700 |
# |
# |
|a Brébec, Jean-Marie
|e hướng dẫn
|
| 923 |
# |
# |
|a 10/2004
|
| 992 |
# |
# |
|a 37000
|
| 994 |
# |
# |
|a DLU
|
| 900 |
# |
# |
|a True
|
| 911 |
# |
# |
|a Đào Thị Thu Huyền
|
| 925 |
# |
# |
|a G
|
| 926 |
# |
# |
|a A
|
| 927 |
# |
# |
|a SH
|
| 980 |
# |
# |
|a Thư viện Trường Đại học Đà Lạt
|